000 00701cam a22002413a 4500
001 9788
003 PGUSA
005 20140828083216.0
008 060101s2006||||xxu|||||s|||||000 | eng d
040 _aPGUSA
_beng
042 _adc
050 4 _aG
100 1 _aCooper, James Fenimore,
_d1789-1851
245 1 0 _aNed Myers, or, a Life Before the Mast
_h[electronic resource] /
_cJames Fenimore Cooper
260 _bProject Gutenberg,
_c2006
506 _aPublic domain in the USA.
516 _aElectronic text
653 _aSeafaring life
653 _aMyers, Ned, approximately 1793-1849
830 0 _aProject Gutenberg
_v9788
856 4 0 _uhttp://www.gutenberg.org/ebooks/9788
942 _cEB
999 _c239044
_d239044